000 00420nam a22001577a 4500
020 _a9788193747049
082 _a294.592 2
_bYAR/R
100 _aYardi M R
245 _aThe Ramayana its origin and growth: a statistical study/
_cby Yardi M R
260 _aPune:
_bBhandarkar Oriental Research Institute,
_c2022.
300 _a302p.
650 _aRamayana
650 _aHinduism
650 _aReligion
942 _cBK
999 _c181194
_d181194